Králův rychtář. Čtyřlístek pro štěstí /
První kniha historicko-detektivní série z Kutné Hory počátku 15. století, v níž se ve stříbrném městě ujímá úřadu nový strážce pořádku.
Uloženo v:
| Série: | Králův rychtář,
část 1 |
|---|---|
| Hlavní autor: | |
| Médium: | Kniha |
| Jazyk: | Czech |
| Vydáno: |
Praha :
Cosmopolis,
2026
|
| Vydání: | První vydání |
| Témata: | |
| Celkem bylo vypůjčeno: | 0x |
| Příbuzné jednotky: | Z cyklu::
Králův rychtář |
| Tagy: |
Žádné tagy |
| LEADER | 02807nam a2200457 i 4500 | ||
|---|---|---|---|
| 001 | 106316 | ||
| 003 | CZ PrSKC | ||
| 005 | 20260512144927.0 | ||
| 007 | ta | ||
| 008 | 260421s2026 xr g 000 f cze | ||
| 015 | |a cnb003752050 | ||
| 020 | |a 9788027160747 |q (vázáno) : |c Kč 499,00 | ||
| 040 | |a ABG001 |b cze |d BOA001 |d ABA001 |e rda | ||
| 072 | 7 | |a 821.162.3-3 |x Česká próza |2 Konspekt |9 25 | |
| 080 | |a 821.162.3-31 |2 MRF | ||
| 080 | |a (0:82-312.4) |2 MRF | ||
| 080 | |a (0:82-311.6) |2 MRF | ||
| 100 | 1 | |a Hrabánková, Světlana, |d 1952- |7 mzk2006323043 |4 aut |9 117341 | |
| 245 | 1 | 0 | |a Králův rychtář. |p Čtyřlístek pro štěstí / |c Světlana Hrabánková |
| 246 | 3 | 0 | |a Čtyřlístek pro štěstí |
| 250 | |a První vydání | ||
| 264 | 1 | |a Praha : |b Cosmopolis, |c 2026 | |
| 300 | |a 455 stran ; |c 21 cm | ||
| 336 | |a text |b txt |2 rdacontent | ||
| 337 | |a bez média |b n |2 rdamedia | ||
| 338 | |a svazek |b nc |2 rdacarrier | ||
| 500 | |a Obálkový podnázev: historická detektivka ze středověké Kutné Hory | ||
| 500 | |a Terminologický slovník | ||
| 520 | 2 | |a První kniha historicko-detektivní série z Kutné Hory počátku 15. století, v níž se ve stříbrném městě ujímá úřadu nový strážce pořádku. |b V roce 1403 se král Václav IV. vrací do Čech ze zajetí zrádným bratrem Zikmundem. Přejímá postupně zpět své dřívější kompetence, nespolehlivé a zrádné osoby kolem sebe nahrazuje novými věrnými úředníky. Jedním z nich je i pán z Donína, nově jmenovaný královský rychtář, vojenský velitel Kutné Hory, města, které je kvůli těžbě stříbra stěžejním pilířem královy moci. Václav z Donína se ujímá úřadu v nepřátelském prostředí místních konšelů, snaží se vyřešit záhady, které před něj město klade, a najít pachatele, jež mají na svědomí nejen úklady vůči samotnému králi, ale i zákeřné vraždy zdejších obyvatel. Společně s rychtářem procházíme středověkými uličkami Hory, výstavnými domy i chatrčemi na předměstích, sestupujeme do středověkých štol stříbrných dolů a proplétáme se množstvím intrik místní honorace. Nakladatelská anotace. Kráceno. | |
| 655 | 7 | |a české romány |7 fd133974 |2 czenas |9 54031 | |
| 655 | 7 | |a detektivní romány |7 fd132010 |2 czenas |9 53536 | |
| 655 | 7 | |a historické romány |7 fd132414 |2 czenas |9 53624 | |
| 655 | 9 | |a Czech fiction |2 eczenas | |
| 655 | 9 | |a detective novels |2 eczenas | |
| 655 | 9 | |a historical novels |2 eczenas | |
| 710 | 2 | |a Cosmopolis (nakladatelství) |7 ko20251277653 |4 pbl |9 117136 | |
| 787 | 0 | 8 | |i Z cyklu: |t Králův rychtář |g 1 |
| 910 | |a UOG502 | ||
| 942 | |2 ddc |c KN | ||
| 999 | |d 106316 | ||
| 993 | |0 0 |1 421180107037 |2 ddc |4 0 |7 0 |9 99689 |b 0 |c 107037 |d 2026-05-12 |e 0 |f DOSP |h 499.00 |i Koupě |l DOSP |r 2026-05-13 |t 6 |w 2026-05-12 |y KN |z HISTO |n | ||